[Event "XLIV Memoriał Szachowy Ludwika Zamenhofa 2025, Grupa B"]
[Site "Bialystok, Poland"]
[Date "2025.12.27"]
[Round "2.15"]
[White "Ryszkiewicz, Adam"]
[Black "Pidluznij, Matvej"]
[Result "1-0"]
[TimeControl "90'+30\""]
[WhiteElo "1985"]
[BlackElo "1868"]

1. e4 {[%clk 01:30:57]} {[%emt 00:00:02]} e5 {[%clk 01:27:37]} {[%emt
00:03:24]} 2. Nf3 {[%clk 01:31:21]} {[%emt 00:00:05]} Nc6 {[%clk 01:28:03]}
{[%emt 00:00:05]} 3. d4 {[%clk 01:31:47]} {[%emt 00:00:03]} exd4 {[%clk
01:28:23]} {[%emt 00:00:10]} 4. Nxd4 {[%clk 01:32:11]} {[%emt 00:00:07]} Nf6
{[%clk 01:27:44]} {[%emt 00:01:09]} 5. Nc3 {[%clk 01:32:09]} {[%emt 00:00:32]}
Bb4 {[%clk 01:26:44]} {[%emt 00:01:30]} 6. Nxc6 {[%clk 01:32:31]} {[%emt
00:00:08]} bxc6 {[%clk 01:27:00]} {[%emt 00:00:13]} 7. Bd3 {[%clk 01:32:55]}
{[%emt 00:00:06]} h6 {[%clk 01:20:53]} {[%emt 00:06:37]} 8. O-O {[%clk
01:29:45]} {[%emt 00:03:40]} d6 {[%clk 01:18:53]} {[%emt 00:02:30]} 9. h3
{[%clk 01:27:32]} {[%emt 00:02:43]} O-O {[%clk 01:16:30]} {[%emt 00:02:53]} 10.
Na4 {[%clk 01:25:05]} {[%emt 00:02:57]} Re8 {[%clk 01:14:29]} {[%emt 00:02:31]}
11. a3 {[%clk 01:24:56]} {[%emt 00:00:40]} Ba5 {[%clk 01:14:52]} {[%emt
00:00:07]} 12. b4 {[%clk 01:25:19]} {[%emt 00:00:07]} Bb6 {[%clk 01:15:14]}
{[%emt 00:00:08]} 13. Nxb6 {[%clk 01:25:42]} {[%emt 00:00:07]} axb6 {[%clk
01:15:29]} {[%emt 00:00:15]} 14. Re1 {[%clk 01:25:30]} {[%emt 00:00:42]} Ba6
{[%clk 01:07:49]} {[%emt 00:08:10]} 15. Bxa6 {[%clk 01:08:51]} {[%emt
00:17:09]} Rxa6 {[%clk 01:08:10]} {[%emt 00:00:09]} 16. Qd3 {[%clk 01:09:14]}
{[%emt 00:00:06]} Ra8 {[%clk 01:06:35]} {[%emt 00:02:05]} 17. Bb2 {[%clk
01:09:02]} {[%emt 00:00:42]} Qe7 {[%clk 01:06:22]} {[%emt 00:00:43]} 18. Re3
{[%clk 00:47:14]} {[%emt 00:22:18]} Qe6 {[%clk 01:01:37]} {[%emt 00:05:15]} 19.
Rae1 {[%clk 00:44:50]} {[%emt 00:02:54]} Nd7 {[%clk 00:56:01]} {[%emt
00:06:06]} 20. Rg3 {[%clk 00:33:58]} {[%emt 00:11:22]} Ne5 {[%clk 00:53:57]}
{[%emt 00:02:35]} 21. Qc3 {[%clk 00:33:53]} {[%emt 00:00:33]} f6 {[%clk
00:29:23]} {[%emt 00:25:05]} 22. f4 {[%clk 00:33:43]} {[%emt 00:00:40]} Nd7
{[%clk 00:29:33]} {[%emt 00:00:20]} 23. Qxc6 {[%clk 00:33:04]} {[%emt
00:01:09]} d5 {[%clk 00:29:41]} {[%emt 00:00:23]} 24. Qxe6+ {[%clk 00:25:37]}
{[%emt 00:07:57]} Rxe6 {[%clk 00:30:10]} {[%emt 00:00:01]} 25. Rd1 {[%clk
00:25:58]} {[%emt 00:00:09]} Rxe4 {[%clk 00:27:54]} {[%emt 00:02:46]} 26. Rxd5
{[%clk 00:26:20]} {[%emt 00:00:07]} Re7 {[%clk 00:27:57]} {[%emt 00:00:28]} 27.
Rgd3 {[%clk 00:23:39]} {[%emt 00:03:10]} Nf8 {[%clk 00:28:00]} {[%emt
00:00:26]} 28. Kf2 {[%clk 00:22:49]} {[%emt 00:01:21]} Rae8 {[%clk 00:27:51]}
{[%emt 00:00:41]} 29. Rd2 {[%clk 00:23:13]} {[%emt 00:00:05]} Kf7 {[%clk
00:21:26]} {[%emt 00:06:54]} 30. g3 {[%clk 00:23:28]} {[%emt 00:00:15]} g6
{[%clk 00:20:08]} {[%emt 00:01:48]} 31. c4 {[%clk 00:22:36]} {[%emt 00:01:22]}
Re1 {[%clk 00:15:40]} {[%emt 00:04:58]} 32. c5 {[%clk 00:22:38]} {[%emt
00:00:29]} Rh1 {[%clk 00:15:29]} {[%emt 00:00:41]} 33. cxb6 {[%clk 00:22:50]}
{[%emt 00:00:18]} cxb6 {[%clk 00:13:09]} {[%emt 00:02:50]} 34. Rd6 {[%clk
00:20:49]} {[%emt 00:02:30]} f5 {[%clk 00:13:00]} {[%emt 00:00:39]} 35. Be5
{[%clk 00:17:45]} {[%emt 00:03:35]} Rc8 {[%clk 00:09:32]} {[%emt 00:03:58]} 36.
Rxb6 {[%clk 00:16:03]} {[%emt 00:02:11]} Rcc1 {[%clk 00:05:41]} {[%emt
00:04:21]} 37. Rb7+ {[%clk 00:16:06]} {[%emt 00:00:28]} Ke8 {[%clk 00:05:41]}
{[%emt 00:00:29]} 38. Bf6 {[%clk 00:11:08]} {[%emt 00:05:27]} Rh2+ {[%clk
00:02:57]} {[%emt 00:03:14]} 39. Ke3 {[%clk 00:11:35]} {[%emt 00:00:04]} Re1+
{[%clk 00:03:00]} {[%emt 00:00:27]} 40. Kd3 {[%clk 00:12:01]} {[%emt 00:00:04]}
Rxh3 {[%clk 00:03:10]} {[%emt 00:00:20]} 41. Kc4 {[%clk 00:09:09]} {[%emt
00:03:22]} Ne6 {[%clk 00:03:07]} {[%emt 00:00:33]} 42. Re7+ {[%clk 00:09:16]}
{[%emt 00:00:22]} Kf8 {[%clk 00:03:31]} {[%emt 00:00:07]} 43. Rd8+ {[%clk
00:07:29]} {[%emt 00:02:17]} Nxd8 {[%clk 00:03:59]} {[%emt 00:00:02]} 44. Rxe1
{[%clk 00:07:53]} {[%emt 00:00:06]} Nb7 {[%clk 00:03:31]} {[%emt 00:00:58]} 45.
Kd5 {[%clk 00:07:20]} {[%emt 00:01:02]} Rxg3 {[%clk 00:02:19]} {[%emt
00:01:43]} 46. Kc6 {[%clk 00:07:38]} {[%emt 00:00:11]} Kf7 {[%clk 00:02:29]}
{[%emt 00:00:20]} 47. Be7 {[%clk 00:07:42]} {[%emt 00:00:27]} Rxa3 {[%clk
00:01:42]} {[%emt 00:01:18]} 48. Kxb7 {[%clk 00:08:07]} {[%emt 00:00:05]} Rd3
{[%clk 00:01:41]} {[%emt 00:00:30]} 49. Bc5 {[%clk 00:08:11]} {[%emt 00:00:25]}
g5 {[%clk 00:01:43]} {[%emt 00:00:29]} 50. fxg5 {[%clk 00:08:22]} {[%emt
00:00:19]} hxg5 {[%clk 00:02:11]} {[%emt 00:00:02]} 51. Kc6 {[%clk 00:08:28]}
{[%emt 00:00:25]} f4 {[%clk 00:01:44]} {[%emt 00:00:57]} 52. Rb1 {[%clk
00:08:39]} {[%emt 00:00:18]} 1-0

[Event "XLIV Memoriał Szachowy Ludwika Zamenhofa 2025, Grupa B"]
[Site "Bialystok, Poland"]
[Date "2025.12.27"]
[Round "2.16"]
[White "Lewczuk, Jakub"]
[Black "Szuminski, Jakub"]
[Result "0-1"]
[TimeControl "90'+30\""]
[WhiteElo "1805"]
[BlackElo "1962"]

1. f4 {[%clk 01:30:55]} {[%emt 00:00:03]} d5 {[%clk 01:30:55]} {[%emt
00:00:05]} 2. Nf3 {[%clk 01:31:20]} {[%emt 00:00:06]} g6 {[%clk 01:31:20]}
{[%emt 00:00:05]} 3. c4 {[%clk 01:31:33]} {[%emt 00:00:17]} c6 {[%clk
01:30:49]} {[%emt 00:01:01]} 4. cxd5 {[%clk 01:31:55]} {[%emt 00:00:09]} cxd5
{[%clk 01:31:12]} {[%emt 00:00:06]} 5. e3 {[%clk 01:32:24]} Bg7 {[%clk
01:30:40]} {[%emt 00:01:02]} 6. Bb5+ {[%clk 01:31:46]} {[%emt 00:01:08]} Bd7
{[%clk 01:30:58]} {[%emt 00:00:11]} 7. Bxd7+ {[%clk 01:32:03]} {[%emt
00:00:14]} Nxd7 {[%clk 01:30:49]} {[%emt 00:00:39]} 8. O-O {[%clk 01:31:43]}
{[%emt 00:00:49]} Ngf6 {[%clk 01:30:39]} {[%emt 00:00:40]} 9. Nc3 {[%clk
01:31:53]} {[%emt 00:00:21]} O-O {[%clk 01:30:31]} {[%emt 00:00:38]} 10. b3
{[%clk 01:30:09]} {[%emt 00:02:14]} Ne4 {[%clk 01:27:11]} {[%emt 00:03:50]} 11.
Bb2 {[%clk 01:28:14]} {[%emt 00:02:23]} Rc8 {[%clk 01:22:45]} {[%emt 00:04:58]}
12. Rc1 {[%clk 01:23:43]} {[%emt 00:05:01]} Qa5 {[%clk 01:11:25]} {[%emt
00:11:50]} 13. b4 {[%clk 01:14:51]} {[%emt 00:09:22]} Qxb4 {[%clk 01:04:02]}
{[%emt 00:07:53]} 14. Nxd5 {[%clk 01:12:57]} {[%emt 00:02:24]} Rxc1 {[%clk
01:03:49]} {[%emt 00:00:43]} 15. Bxc1 {[%clk 01:12:56]} {[%emt 00:00:30]} Qd6
{[%clk 01:03:49]} {[%emt 00:00:30]} 16. d3 {[%clk 01:10:12]} {[%emt 00:03:16]}
Qxd5 {[%clk 01:02:21]} {[%emt 00:01:58]} 17. dxe4 {[%clk 01:10:30]} {[%emt
00:00:11]} Qc6 {[%clk 00:59:44]} {[%emt 00:03:07]} 18. e5 {[%clk 01:07:12]}
{[%emt 00:03:48]} Rc8 {[%clk 00:58:10]} {[%emt 00:02:03]} 19. Ba3 {[%clk
01:04:03]} {[%emt 00:03:39]} e6 {[%clk 00:57:19]} {[%emt 00:01:22]} 20. Qd2
{[%clk 01:02:41]} {[%emt 00:01:50]} Nb6 {[%clk 00:56:39]} {[%emt 00:01:12]} 21.
Rc1 {[%clk 00:45:30]} {[%emt 00:17:40]} Qe8 {[%clk 00:56:21]} {[%emt 00:00:44]}
22. Nd4 {[%clk 00:40:08]} {[%emt 00:05:57]} Rxc1+ {[%clk 00:52:19]} {[%emt
00:04:32]} 23. Qxc1 {[%clk 00:40:20]} {[%emt 00:00:17]} Bf8 {[%clk 00:51:10]}
{[%emt 00:01:40]} 24. Bxf8 {[%clk 00:39:39]} {[%emt 00:01:11]} Qxf8 {[%clk
00:47:13]} {[%emt 00:04:27]} 25. h3 {[%clk 00:38:36]} {[%emt 00:01:33]} Qc8
{[%clk 00:46:32]} {[%emt 00:01:11]} 26. Qxc8+ {[%clk 00:37:57]} {[%emt
00:01:09]} Nxc8 {[%clk 00:46:54]} {[%emt 00:00:08]} 27. Nb5 {[%clk 00:37:38]}
{[%emt 00:00:49]} Kf8 {[%clk 00:46:51]} {[%emt 00:00:31]} 28. Kf2 {[%clk
00:37:30]} {[%emt 00:00:39]} Ke7 {[%clk 00:47:13]} {[%emt 00:00:08]} 29. e4
{[%clk 00:37:05]} {[%emt 00:00:54]} a6 {[%clk 00:47:27]} {[%emt 00:00:17]} 30.
Nd4 {[%clk 00:36:59]} {[%emt 00:00:34]} Kd7 {[%clk 00:46:21]} {[%emt 00:01:36]}
31. Ke2 {[%clk 00:37:12]} {[%emt 00:00:19]} b5 {[%clk 00:46:41]} {[%emt
00:00:10]} 32. Nb3 {[%clk 00:36:07]} {[%emt 00:01:36]} Kc6 {[%clk 00:46:25]}
{[%emt 00:00:43]} 33. g4 {[%clk 00:35:58]} {[%emt 00:00:41]} Ne7 {[%clk
00:45:53]} {[%emt 00:00:58]} 34. Kd3 {[%clk 00:36:11]} {[%emt 00:00:21]} h5
{[%clk 00:44:23]} {[%emt 00:02:00]} 35. g5 {[%clk 00:35:29]} {[%emt 00:01:11]}
Kb6 {[%clk 00:41:43]} {[%emt 00:03:12]} 36. Nd4 {[%clk 00:33:41]} {[%emt
00:02:17]} Nc6 {[%clk 00:41:00]} {[%emt 00:01:14]} 37. Nc2 {[%clk 00:32:35]}
{[%emt 00:01:34]} Kc5 {[%clk 00:41:03]} {[%emt 00:00:28]} 38. Kc3 {[%clk
00:28:45]} {[%emt 00:04:18]} a5 {[%clk 00:40:44]} {[%emt 00:00:52]} 39. Na1
{[%emt 00:01:45]} b4+ {[%clk 00:40:06]} {[%emt 00:00:27]} 40. Kd3 {[%clk
00:28:03]} {[%emt 00:00:32]} a4 {[%clk 00:40:15]} {[%emt 00:00:25]} 41. Nc2
{[%clk 00:27:20]} {[%emt 00:01:13]} Na5 {[%clk 00:37:12]} {[%emt 00:03:35]} 42.
f5 {[%clk 00:26:11]} {[%emt 00:01:38]} b3 {[%clk 00:36:05]} {[%emt 00:01:38]}
43. fxe6 {[%clk 00:25:33]} {[%emt 00:01:06]} fxe6 {[%clk 00:29:36]} {[%emt
00:07:00]} 44. axb3 {[%clk 00:25:29]} {[%emt 00:00:34]} axb3 {[%clk 00:29:45]}
{[%emt 00:00:21]} 45. Nd4 {[%clk 00:25:46]} {[%emt 00:00:12]} b2 {[%clk
00:30:00]} {[%emt 00:00:18]} 46. Nxe6+ {[%clk 00:26:09]} {[%emt 00:00:07]} Kb4
{[%clk 00:30:27]} {[%emt 00:00:03]} 47. Kc2 {[%clk 00:26:17]} {[%emt 00:00:20]}
Ka3 {[%clk 00:30:53]} {[%emt 00:00:04]} 0-1

[Event "XLIV Memoriał Szachowy Ludwika Zamenhofa 2025, Grupa B"]
[Site "Bialystok, Poland"]
[Date "2025.12.27"]
[Round "2.17"]
[White "Zimny, Jakub"]
[Black "Pojawa, Jakub"]
[Result "1-0"]
[TimeControl "90'+30\""]
[WhiteElo "1941"]
[BlackElo "1858"]

1. e4 {[%clk 01:30:56]} {[%emt 00:00:03]} c5 {[%clk 01:30:58]} {[%emt
00:00:03]} 2. Nf3 {[%clk 01:31:15]} {[%emt 00:00:11]} e6 {[%clk 01:31:22]}
{[%emt 00:00:05]} 3. d4 {[%clk 01:31:39]} {[%emt 00:00:06]} cxd4 {[%clk
01:31:49]} {[%emt 00:00:04]} 4. Nxd4 {[%clk 01:32:02]} {[%emt 00:00:06]} a6
{[%clk 01:32:16]} {[%emt 00:00:04]} 5. Bd3 {[%clk 01:32:22]} {[%emt 00:00:10]}
Nc6 {[%clk 01:32:41]} {[%emt 00:00:05]} 6. Nxc6 {[%clk 01:32:34]} {[%emt
00:00:17]} bxc6 {[%clk 01:32:52]} {[%emt 00:00:19]} 7. O-O {[%clk 01:32:53]}
{[%emt 00:00:10]} d5 {[%clk 01:33:15]} {[%emt 00:00:08]} 8. c4 {[%clk
01:33:12]} {[%emt 00:00:11]} Nf6 {[%clk 01:14:19]} {[%emt 00:19:26]} 9. Qa4
{[%clk 01:32:21]} {[%emt 00:01:21]} dxe4 {[%clk 01:12:18]} {[%emt 00:02:32]} 10.
Bxe4 {[%clk 01:32:37]} {[%emt 00:00:13]} Nxe4 {[%clk 00:57:23]} {[%emt
00:15:26]} 11. Qxc6+ {[%clk 01:32:56]} {[%emt 00:00:11]} Bd7 {[%clk 00:57:50]}
{[%emt 00:00:03]} 12. Qxe4 {[%clk 01:33:11]} {[%emt 00:00:14]} Rc8 {[%clk
00:57:24]} {[%emt 00:00:57]} 13. Be3 {[%clk 01:22:34]} {[%emt 00:11:06]} Bc6
{[%clk 00:53:32]} {[%emt 00:04:21]} 14. Qd4 {[%clk 01:22:17]} {[%emt 00:00:48]}
Qa5 {[%clk 00:53:07]} {[%emt 00:00:55]} 15. Nc3 {[%clk 01:19:53]} {[%emt
00:02:54]} Qb4 {[%clk 00:51:20]} {[%emt 00:02:17]} 16. Rad1 {[%clk 01:16:34]}
{[%emt 00:03:49]} Qxb2 {[%clk 00:47:51]} {[%emt 00:04:00]} 17. Bg5 {[%clk
01:13:54]} {[%emt 00:03:09]} Be7 {[%clk 00:45:36]} {[%emt 00:02:46]} 18. Bxe7
{[%clk 01:14:15]} {[%emt 00:00:09]} Kxe7 {[%clk 00:46:00]} {[%emt 00:00:06]} 19.
Nd5+ {[%emt 00:00:09]} 1-0

[Event "XLIV Memoriał Szachowy Ludwika Zamenhofa 2025, Grupa B"]
[Site "Bialystok, Poland"]
[Date "2025.12.27"]
[Round "2.18"]
[White "Kaminski, Jan"]
[Black "Wnorowski, Lukasz"]
[Result "1-0"]
[TimeControl "90'+30\""]
[WhiteElo "1922"]
[BlackElo "1616"]

1. e4 {[%clk 01:30:59]} c5 {[%clk 01:30:46]} {[%emt 00:00:15]} 2. Nf3 {[%clk
01:31:23]} {[%emt 00:00:04]} d6 {[%clk 01:31:12]} {[%emt 00:00:05]} 3. d4
{[%clk 01:31:44]} {[%emt 00:00:09]} cxd4 {[%clk 01:31:24]} {[%emt 00:00:19]} 4.
Nxd4 {[%clk 01:32:12]} {[%emt 00:00:02]} Nf6 {[%clk 01:31:40]} {[%emt
00:00:14]} 5. Nc3 {[%clk 01:32:38]} {[%emt 00:00:03]} a6 {[%clk 01:32:05]}
{[%emt 00:00:06]} 6. h3 {[%clk 01:33:01]} {[%emt 00:00:06]} e6 {[%clk
01:31:24]} {[%emt 00:01:11]} 7. g4 {[%clk 01:33:22]} {[%emt 00:00:09]} Be7
{[%clk 01:30:27]} {[%emt 00:01:27]} 8. g5 {[%clk 01:33:25]} {[%emt 00:00:26]}
Nfd7 {[%clk 01:29:11]} {[%emt 00:01:48]} 9. h4 {[%clk 01:33:39]} {[%emt
00:00:15]} Nc6 {[%clk 01:26:31]} {[%emt 00:03:10]} 10. Be3 {[%clk 01:33:13]}
{[%emt 00:00:55]} Nxd4 {[%clk 01:22:37]} {[%emt 00:04:25]} 11. Qxd4 {[%clk
01:32:11]} {[%emt 00:01:31]} e5 {[%clk 01:21:34]} {[%emt 00:01:34]} 12. Qd2
{[%clk 01:32:02]} {[%emt 00:00:37]} Nb6 {[%clk 01:16:55]} {[%emt 00:05:11]} 13.
O-O-O {[%clk 01:26:33]} {[%emt 00:05:58]} Be6 {[%clk 01:12:04]} {[%emt
00:05:22]} 14. f4 {[%clk 01:09:23]} {[%emt 00:17:39]} g6 {[%clk 01:05:19]}
{[%emt 00:07:16]} 15. fxe5 {[%clk 01:06:37]} {[%emt 00:03:16]} dxe5 {[%clk
01:04:40]} {[%emt 00:01:09]} 16. Qxd8+ {[%clk 01:05:48]} {[%emt 00:01:18]} Bxd8
{[%clk 01:04:48]} {[%emt 00:00:24]} 17. Rxd8+ {[%clk 01:05:51]} {[%emt
00:00:26]} Rxd8 {[%clk 01:05:05]} {[%emt 00:00:13]} 18. Bxb6 {[%clk 01:06:13]}
{[%emt 00:00:08]} Rc8 {[%clk 01:04:26]} {[%emt 00:01:10]} 19. Nd5 {[%clk
01:01:07]} {[%emt 00:05:33]} h6 {[%clk 00:59:04]} {[%emt 00:05:55]} 20. Nc7+
{[%clk 00:49:49]} {[%emt 00:11:48]} Kd7 {[%clk 00:57:33]} {[%emt 00:02:00]} 21.
Nxe6 {[%clk 00:50:06]} {[%emt 00:00:13]} fxe6 {[%clk 00:56:32]} {[%emt
00:01:32]} 22. gxh6 {[%clk 00:48:51]} {[%emt 00:01:45]} Rxh6 {[%clk 00:56:11]}
{[%emt 00:00:50]} 23. Be3 {[%clk 00:49:00]} {[%emt 00:00:21]} Rh7 {[%clk
00:55:14]} {[%emt 00:01:28]} 24. a4 {[%clk 00:43:46]} {[%emt 00:05:42]} Rf8
{[%clk 00:53:22]} {[%emt 00:02:24]} 25. Bc4 {[%clk 00:41:34]} {[%emt 00:02:41]}
Re8 {[%clk 00:49:36]} {[%emt 00:04:16]} 26. Bg5 {[%clk 00:40:39]} {[%emt
00:01:25]} Rf7 {[%clk 00:48:05]} {[%emt 00:02:01]} 27. Kd2 {[%clk 00:38:40]}
{[%emt 00:02:29]} Rf2+ {[%clk 00:46:10]} {[%emt 00:02:25]} 28. Be2 {[%clk
00:37:41]} {[%emt 00:01:29]} Kc6 {[%clk 00:43:50]} {[%emt 00:02:51]} 29. Rh3
{[%clk 00:33:47]} {[%emt 00:04:23]} Ref8 {[%clk 00:42:52]} {[%emt 00:01:28]} 30.
Rc3+ {[%clk 00:33:43]} {[%emt 00:00:35]} Kd7 {[%clk 00:42:19]} {[%emt
00:01:04]} 31. Rb3 {[%clk 00:33:03]} {[%emt 00:01:09]} Kc7 {[%clk 00:41:12]}
{[%emt 00:01:37]} 32. Re3 {[%clk 00:31:40]} {[%emt 00:01:53]} R8f7 {[%clk
00:38:41]} {[%emt 00:03:01]} 33. Kc3 {[%clk 00:31:08]} {[%emt 00:01:01]} Rd7
{[%clk 00:37:05]} {[%emt 00:02:08]} 34. Bd3 {[%clk 00:29:17]} {[%emt 00:02:21]}
Rd4 {[%clk 00:35:45]} {[%emt 00:01:51]} 35. b3 {[%clk 00:28:38]} {[%emt
00:01:09]} Kb6 {[%clk 00:32:13]} {[%emt 00:04:01]} 36. Rg3 {[%clk 00:27:11]}
{[%emt 00:01:57]} Kc5 {[%clk 00:30:23]} {[%emt 00:02:22]} 37. Be3 {[%clk
00:27:22]} {[%emt 00:00:19]} Rh2 {[%clk 00:30:15]} {[%emt 00:00:37]} 38. Rxg6
{[%clk 00:26:21]} {[%emt 00:01:31]} Rxh4 {[%clk 00:30:23]} {[%emt 00:00:22]} 39.
Rxe6 {[%clk 00:25:37]} {[%emt 00:01:15]} Rh5 {[%clk 00:30:46]} {[%emt
00:00:06]} 40. b4# {[%clk 00:26:01]} {[%emt 00:00:06]} 1-0

[Event "XLIV Memoriał Szachowy Ludwika Zamenhofa 2025, Grupa B"]
[Site "Bialystok, Poland"]
[Date "2025.12.27"]
[Round "2.19"]
[White "Rabiej, Mateusz"]
[Black "Ocytko, Andrzej"]
[Result "1-0"]
[TimeControl "90'+30\""]
[WhiteElo "1722"]
[BlackElo "1995"]

1. d4 {[%clk 01:30:55]} {[%emt 00:00:04]} Nf6 {[%clk 01:30:48]} {[%emt
00:00:13]} 2. c4 {[%clk 01:30:43]} {[%emt 00:00:41]} e6 {[%clk 01:30:46]}
{[%emt 00:00:19]} 3. Nc3 {[%clk 01:31:12]} {[%emt 00:00:14]} d5 {[%clk
01:31:04]} {[%emt 00:00:12]} 4. cxd5 {[%clk 01:31:33]} {[%emt 00:00:09]} exd5
{[%clk 01:31:28]} {[%emt 00:00:06]} 5. Bg5 {[%clk 01:31:58]} {[%emt 00:00:06]}
Nbd7 {[%clk 01:30:17]} {[%emt 00:01:41]} 6. e3 {[%clk 01:32:11]} {[%emt
00:00:16]} c6 {[%clk 01:30:19]} {[%emt 00:00:29]} 7. Bd3 {[%clk 01:32:28]}
{[%emt 00:00:12]} Be7 {[%clk 01:30:04]} {[%emt 00:00:45]} 8. Nge2 {[%clk
01:32:48]} {[%emt 00:00:10]} h6 {[%clk 01:28:24]} {[%emt 00:02:10]} 9. Bh4
{[%clk 01:33:08]} {[%emt 00:00:09]} O-O {[%clk 01:28:41]} {[%emt 00:00:14]} 10.
O-O {[%clk 01:33:21]} {[%emt 00:00:18]} Nh5 {[%clk 01:28:20]} {[%emt 00:00:52]}
11. Bxe7 {[%clk 01:18:58]} {[%emt 00:14:52]} Qxe7 {[%clk 01:28:44]} {[%emt
00:00:06]} 12. Qc2 {[%clk 01:16:03]} {[%emt 00:03:25]} Re8 {[%clk 01:28:05]}
{[%emt 00:01:09]} 13. Rac1 {[%clk 01:10:43]} {[%emt 00:05:50]} Nb6 {[%clk
01:25:17]} {[%emt 00:03:19]} 14. Kh1 {[%clk 01:03:59]} {[%emt 00:07:14]} Be6
{[%clk 01:23:23]} {[%emt 00:02:24]} 15. f3 {[%clk 01:01:35]} {[%emt 00:02:54]}
Rad8 {[%clk 01:21:48]} {[%emt 00:02:05]} 16. Na4 {[%clk 00:56:53]} {[%emt
00:05:13]} Bc8 {[%clk 01:16:11]} {[%emt 00:06:08]} 17. e4 {[%clk 00:53:35]}
{[%emt 00:03:47]} dxe4 {[%clk 01:15:19]} {[%emt 00:01:21]} 18. fxe4 {[%clk
00:53:40]} {[%emt 00:00:25]} Nf6 {[%clk 01:11:49]} {[%emt 00:04:00]} 19. Nc5
{[%clk 00:51:45]} {[%emt 00:02:26]} Bg4 {[%clk 00:52:56]} {[%emt 00:19:23]} 20.
e5 {[%clk 00:46:20]} {[%emt 00:05:55]} Nfd5 {[%clk 00:53:16]} {[%emt 00:00:10]}
21. Qd2 {[%clk 00:45:52]} {[%emt 00:00:58]} Rb8 {[%clk 00:35:22]} {[%emt
00:18:25]} 22. Ng3 {[%clk 00:44:46]} {[%emt 00:01:35]} Nd7 {[%clk 00:33:29]}
{[%emt 00:02:21]} 23. Nxd7 {[%clk 00:40:59]} {[%emt 00:04:18]} Bxd7 {[%clk
00:32:50]} {[%emt 00:01:09]} 24. Ne4 {[%clk 00:40:43]} {[%emt 00:00:46]} Rf8
{[%clk 00:22:45]} {[%emt 00:10:35]} 25. Rce1 {[%clk 00:33:17]} {[%emt
00:07:56]} Qb4 {[%clk 00:22:37]} {[%emt 00:00:39]} 26. Nf6+ {[%clk 00:26:36]}
{[%emt 00:07:11]} gxf6 {[%clk 00:20:11]} {[%emt 00:02:56]} 27. Qxh6 {[%clk
00:26:51]} {[%emt 00:00:15]} f5 {[%clk 00:20:30]} {[%emt 00:00:11]} 28. Qg5+
{[%clk 00:25:59]} {[%emt 00:01:21]} Kh8 {[%clk 00:20:37]} {[%emt 00:00:23]} 29.
a3 {[%clk 00:24:15]} {[%emt 00:02:15]} Qe7 {[%clk 00:20:50]} {[%emt 00:00:17]}
30. Qh5+ {[%clk 00:22:52]} {[%emt 00:01:53]} Kg7 {[%clk 00:21:14]} {[%emt
00:00:06]} 31. Bxf5 {[%clk 00:22:57]} {[%emt 00:00:25]} Rh8 {[%clk 00:17:16]}
{[%emt 00:04:28]} 32. Qg4+ {[%clk 00:23:11]} {[%emt 00:00:16]} Kf8 {[%clk
00:17:17]} {[%emt 00:00:29]} 33. Bxd7 {[%clk 00:23:35]} {[%emt 00:00:06]} Rh4
{[%clk 00:17:34]} {[%emt 00:00:13]} 34. Qf5 {[%clk 00:22:25]} {[%emt 00:01:39]}
Rh6 {[%clk 00:14:48]} {[%emt 00:03:16]} 35. Re4 {[%clk 00:20:27]} {[%emt
00:02:29]} Rd8 {[%clk 00:15:04]} {[%emt 00:00:14]} 36. Bc8 {[%clk 00:19:13]}
{[%emt 00:01:44]} Re8 {[%clk 00:11:30]} {[%emt 00:04:05]} 37. Qd7 {[%clk
00:17:55]} {[%emt 00:01:47]} Qxd7 {[%clk 00:07:57]} {[%emt 00:04:04]} 38. Bxd7
{[%clk 00:18:23]} Re7 {[%clk 00:08:14]} {[%emt 00:00:13]} 39. Bf5 {[%clk
00:17:54]} {[%emt 00:00:59]} Ke8 {[%clk 00:08:21]} {[%emt 00:00:23]} 40. g4
{[%clk 00:17:37]} {[%emt 00:00:46]} Rh3 {[%clk 00:08:27]} {[%emt 00:00:24]} 41.
g5 {[%clk 00:17:32]} {[%emt 00:00:36]} Rd3 {[%clk 00:08:17]} {[%emt 00:00:40]}
42. Rh4 {[%clk 00:17:41]} {[%emt 00:00:21]} 1-0